000 00445nam a22001697a 4500
999 _c2111
_d2111
003 OSt
005 20181004193320.0
008 181004b ||||| |||| 00| 0 eng d
040 _cDLC
082 _a264
_bD514M
100 _aDe Vries, John F.
245 _aMeet Christ/
_cBy John F.De Vries
260 _aIllinois :
_bThe World Home Bible League,
_c1972.
300 _a62 P.:
650 _aPrepare To Meet Christ
_xChristianity
942 _2ddc
_cBK